000 00919nam a2200217 a 4500
001 000000336
005 20200929145326.0
008 081126s2006 dr ac 001 0 spa d
020 _a9945426494
020 _a9789945426496
040 _aDO-SdBNP
_bspa
_cBNPHU
082 _a460
_bP644l5
100 1 _aPimentel, Jacqueline
_91139
245 1 0 _aLengua española 5 /
_cJacqueline Pimentel, Julieta Pinasco.
260 _aSanto Domingo :
_bSM,
_c2006.
300 _a165 p. :
_bil., retrs. ;
_c28 cm.
500 _aA la cabeza el título. Proyecto mundo abierto
505 2 _tHablando se entiende la gente --
_tSe abre el telón --
_tChoque de opiniones --
_tPoetas populares, decimeros --
_tVendemos sueños --
_tSe vende, se compra, se busca --
_tVida y obra --
_tHabía una vez --
_tLa ciguapa en el monte olímpico --
_tY hay más informaciones.
650 4 _aEspañol
_xLibros de texto
_91133
700 1 _aPinasco, Julieta
_91140
999 _c335
_d335